| 000 | 01464nam a2200241 4500 | ||
|---|---|---|---|
| 999 |
_c13840 _d13840 |
||
| 020 | _a9781526662286 | ||
| 082 | _aFic B6301 2023 | ||
| 100 | _aBo-reum, Hwang. | ||
| 245 |
_aWelcome to the Hyunam-dong Bookshop / _cby Hwang Bo-reum ; translated by Shanna Tan. |
||
| 260 |
_aLondon : _bBloomsbury Publishing, _cc2023. |
||
| 300 |
_avii, 301 p. : _b20 cm. |
||
| 520 | _aYeongju did everything she was supposed to, go to university, marry a decent man, get a respectable job. Then it all fell apart. Burned out, Yeongju abandons her old life, quits her high-flying career, and follows her dream. She opens a bookshop. In a quaint neighbourhood in Seoul, surrounded by books, Yeongju and her customers take refuge. From the lonely barista to the unhappily married coffee roaster, and the writer who sees something special in Yeongju - they all have disappointments in their past. The Hyunam-dong Bookshop becomes the place where they all learn how to truly live. This is a heart-warming story about finding comfort and acceptance in your life - and the healing power of books. | ||
| 526 | _aFICTION | ||
| 650 | _aSelf-actualization (Psychology)--Fiction. | ||
| 650 | _aDivorced women -- Fiction. | ||
| 650 | _aBookstores -- Fiction. | ||
| 650 | _aBooks and reading -- Fiction. | ||
| 650 | _aInterpersonal relations -- Fiction. | ||
| 650 | _aKorea (South) -- Fiction. | ||
| 650 | _aSeoul (Korea) -- Fiction. | ||
| 700 | _aTan, Shanna. | ||
| 942 |
_2ddc _cBK |
||